| 000 | 00000cam 2200000zi 4500 |
| 001 | 9.950725 |
| 003 | CaOODSP |
| 005 | 20260529084307 |
| 006 | m o d f |
| 007 | cr cn||||||||| |
| 008 | 250501e202505##onc o f000 0 fre d |
| 020 | |a9780660771199 |
| 020 | |z9780660771182 |q(incorrect) |
| 040 | |aCaOODSP|bfre|erda|cCaOODSP |
| 043 | |an-cn--- |
| 045 | |ay2y2 |
| 086 | 1 |aP114-29/2025F-PDF |
| 245 | 00|aRapport de suivi concernant l'examen des pratiques d'approvisionnement de la Gendarmerie royale du Canada de 2020-2021 / |cBureau de l'ombud de l'approvisionnement. |
| 264 | 1|aOttawa, ON : |bGouvernement du Canada, Bureau de l'ombud de l'approvisionnement = Government of Canada, Office of the Procurement Ombud, |cmai 2025. |
| 300 | |a1 ressource en ligne (14 pages) |
| 336 | |atexte|btxt|2rdacontent/fre |
| 337 | |ainformatique|bc|2rdamedia/fre |
| 338 | |aressource en ligne|bcr|2rdacarrier/fre |
| 500 | |aPublié aussi en anglais sous le titre : Follow-up report to the 2020-2021 procurement practice review of the Royal Canadian Mounted Police. |
| 500 | |aL'ISBN (9780660771182) imprimé dans cette publication est incorrect. |
| 610 | 26|aGendarmerie royale du Canada|xApprovisionnement|xÉvaluation. |
| 710 | 1 |aCanada. |bBureau de l'ombud de l'approvisionnement, |eorganisme de publication. |
| 775 | 08|tFollow-up report to the 2020-2021 procurement practice review of the Royal Canadian Mounted Police / |w(CaOODSP)9.950724 |
| 856 | 40|qPDF|s529 Ko|uhttps://publications.gc.ca/collections/collection_2026/spac-pspc/P114-29-2025-fra.pdf |
| 856 | 4 |qHTML|sS.O.|uhttps://opo-boa.gc.ca/praapp-prorev/2025/suivi-followup-grc-rcmp-fra.html |